000 00508nam a2200181Ia 4500
003 OSt
005 20241219101020.0
008 210716s1947 xx 000 0 und d
040 _cAIMIT LIBRARY
041 _aeng
082 _a808.83
_21
_bHOLE
100 _aHolding, Elisabeth Sanxay.
_9191709
245 _aBlank wall /
_cBy Elisabeth sanxay Holding
250 _a1st ed.
260 _aNew York :
_bACE Books, Inc ;
_c1947.
300 _a155,101p. ;
_bPB
_c18 cm
942 _2ddc
_cBK
_e1st ed.
_k808.83 HOLE
999 _c199962
_d199962